Hospodarili s plusovým výsledkom

Bibliographic Details
Format: Article
Language:Slovak
Subjects:

MARC

LEADER 00000cab a2200000 ar4500
001 vtls009296637
003 SK-MaSNL
005 20260305031253.0
008 080523c2008 xo wr|p|||||||000 b|slo
038 |a PPPK 
040 |a PPPKCL  |b slo  |c PPPKCL  |e AACR2 
041 0 |a slo 
044 |a xo  |c SK 
080 |a 336.145  |2 2001 
080 |a 330.878  |2 2001 
080 |a 352:06.053  |2 2001 
245 0 0 |a Hospodarili s plusovým výsledkom  |c [autor] (bel) 
648 7 |a 2008  |2 pppkcl  |9 317238 
650 0 7 |a rozpočet mesta  |2 pppkcl  |9 877295 
650 0 7 |a hospodárenie  |2 pppkcl  |9 322275 
650 0 7 |a hodnotenie výsledkov  |y za r. 2007  |2 pppkcl  |9 1609032 
651 7 |a Spišská Stará Ves (Slovensko)  |2 pppkcl  |9 54503 
651 7 |a Kežmarok (Slovensko : okres)  |2 pppkcl  |9 51824 
773 0 |t Podtatranské noviny  |g Roč. IL, č. 10 (2008), s. 3 
852 |a PPPK  |b KIS3GCP 
999 |c 3315514  |d 3317444